| 000 | 00388nam a22001697a 4500 | ||
|---|---|---|---|
| 003 | OSt | ||
| 005 | 20211201084414.0 | ||
| 008 | 211201b |||||||| |||| 00| 0 eng d | ||
| 020 | _a0759120 | ||
| 040 | _cHU | ||
| 082 | _a657 | ||
| 100 |
_aSMITH JACK D. _921176 |
||
| 245 | _aACCOUNTING PRINCIPLE | ||
| 260 |
_aNEW YORK _bSANFERANSISCO _c1986 |
||
| 300 | _a1089 | ||
| 942 |
_2ddc _cBOOKS _n0 |
||
| 999 |
_c20839 _d20839 |
||